000 00908nam a2200241 i 4500
001 118954
003 ES-MaACL
005 20250728181203.0
007 t|
008 190507s1944 sp f |||| | spa d
100 1 _aGonzález de Mendoza, Juan.
_9166976
245 1 0 _aHistoria de las cosas más notables, ritos y costumbres del gran Reino de la China /
_cJuan González Mendoza ; edición, prólogo y notas por el P. Félix García, O.S.A.
260 _aMadrid :
_bM. Aguilar,
_c1944.
300 _aLII, 396 p., 9 lám. ;
_c20 cm.
490 1 _aEspaña misionera ;
_v2
650 4 _aRitos y ceremonias-
_zChina.
_9170495
651 4 _aChina-
_xDescripción-
_vObras anteriores a 1800.
_9166977
651 4 _aChina-
_xUsos y costumbres.
_98064
700 1 _aGarcía, Félix,
_d1897-1983
_9172116
830 1 _aEspaña misionera ;
_v2
_9186431
852 _aES-MaACL
_jF-16322
999 _c118954
_d118954